| 000 | 00620nac a22001811u 4500 | ||
|---|---|---|---|
| 020 | _a8121905001 | ||
| 082 |
_a624 _bVAZ |
||
| 090 |
_c9609 _d9609 |
||
| 100 | _a20080729 | ||
| 245 |
_aconcise handbook of civil engineering/ _cV. N. Vazirani & S. P. Chandola |
||
| 260 |
_aNew Delhi: _bS. Chand & Company,2004 _c2004 |
||
| 300 |
_a1 v.: _bill.; _c24 cm. |
||
| 500 | _adistributer: Al-Ahram | ||
| 511 | _acatalogued by: wessam | ||
| 650 |
_aCivil engineering _vHandbooks |
||
| 942 |
_cBB _k624VAZ |
||
| 999 |
_c9609 _d9609 |
||